000 00411nam a2200181Ia 4500
001 16688
005 20260306170328.0
008 260306t2017||||xx |||||||||||||| ||und||
041 _aESP
082 _a349.1
_bV67D
100 _aVilley, Michel,
_eAUT
245 0 _aEl derecho romano
260 _c2017
300 _a117 páginas :
_c23 cm.
650 _aGEN
654 _aCDE
942 _cLIB
_dJUS
_fJUS
_2ddc
_n
999 _c16688
_d16688